| 000 | 00622nam a22002177a 4500 | ||
|---|---|---|---|
| 005 | 20160127110302.0 | ||
| 008 | 071017s2008 nyua 001 0 eng | ||
| 020 | _a9780071496612 (alk. paper) | ||
| 020 | _a0071496610 (alk. paper) | ||
| 041 | 0 | _aeng | |
| 080 | _a004 | ||
| 100 | 1 | _aFreeman, Robert G., | |
| 245 | 1 | 0 |
_aOracle database 11g : _cRobert G. Freeman. |
| 260 |
_aNew York : _bMcGraw-Hill/Oracle Press, _c2008. |
||
| 300 |
_a362 f. : _bme il.; _c23 cm. |
||
| 505 | _aIndex: f. 345 - 362 | ||
| 630 | 0 | 0 | _aOracle (Computer file) |
| 650 | 0 | _aKompjuterat | |
| 650 | 0 | _aProgramet | |
| 942 |
_2udc _cBK |
||
| 999 |
_c559 _d559 |
||